<?xml version="1.0" encoding="UTF-8"?><?xml-stylesheet type="text/xsl" href="static/style.xsl"?><OAI-PMH xmlns="http://www.openarchives.org/OAI/2.0/" xmlns:xsi="http://www.w3.org/2001/XMLSchema-instance" xsi:schemaLocation="http://www.openarchives.org/OAI/2.0/ http://www.openarchives.org/OAI/2.0/OAI-PMH.xsd"><responseDate>2026-04-17T01:33:29Z</responseDate><request verb="GetRecord" identifier="oai:www.recercat.cat:2117/349012" metadataPrefix="marc">https://recercat.cat/oai/request</request><GetRecord><record><header><identifier>oai:recercat.cat:2117/349012</identifier><datestamp>2026-01-20T10:38:12Z</datestamp><setSpec>com_2072_1033</setSpec><setSpec>col_2072_452951</setSpec></header><metadata><record xmlns="http://www.loc.gov/MARC21/slim" xmlns:dcterms="http://purl.org/dc/terms/" xmlns:xsi="http://www.w3.org/2001/XMLSchema-instance" xmlns:doc="http://www.lyncode.com/xoai" xsi:schemaLocation="http://www.loc.gov/MARC21/slim http://www.loc.gov/standards/marcxml/schema/MARC21slim.xsd">
   <leader>00925njm 22002777a 4500</leader>
   <datafield ind2=" " ind1=" " tag="042">
      <subfield code="a">dc</subfield>
   </datafield>
   <datafield ind2=" " ind1=" " tag="720">
      <subfield code="a">Ferriol Jaume, Joan Miquel</subfield>
      <subfield code="e">author</subfield>
   </datafield>
   <datafield ind2=" " ind1=" " tag="720">
      <subfield code="a">Felipe García, Marcos</subfield>
      <subfield code="e">author</subfield>
   </datafield>
   <datafield ind2=" " ind1=" " tag="260">
      <subfield code="c">2021-05-26</subfield>
   </datafield>
   <datafield ind2=" " ind1=" " tag="520">
      <subfield code="a">Tot i que el patrimoni cultural i paisatgístic de Castellbell i el Vilar es troba en gran part disseminat pel seu territori, existeixen nombroses rutes de senderisme que lliguen uns punts d'interès cultural i turístic que es troben en la seva majoria degradats i inaccessibles per a l'excursionista que cerca submergir-se entre els atractius del lloc.&#xd;
Caldrà, per tant, posar en valor el territori, la seva història i la natura en la que les persones habitem.&#xd;
L'estratègia preveu ampliar el recorregut actual de la Via Blava en d'altres de transversals a aquesta, que permetin noves experiències als visitants, aprofintant les traces dels camins que ja s'han deixat, entre la naturalesa tova del territori i les infraestructures que s'han anat construïnt.&#xd;
Es recuperarà l'ecosistema de l'entorn amb intervencions que consolidin el biòtop necesari perquè els fluxos naturals de l'hàbitat puguin desenvolupar-se. Una vegada reparat allò tou, i rehabilitat el patrimoni, una tríada de dispositius puntuals ajudaran a recuperar la proximitat de les persones amb l'entorn natural de la riera, aproximant-les al que havien viscut generacions anteriors, tinguent en compte la transformació que sofreix el territori recorrent-lo amb el pas del temps.</subfield>
   </datafield>
   <datafield tag="653" ind2=" " ind1=" ">
      <subfield code="a">Àrees temàtiques de la UPC::Urbanisme::Arquitectura del paisatge</subfield>
   </datafield>
   <datafield tag="653" ind2=" " ind1=" ">
      <subfield code="a">Landscape architecture</subfield>
   </datafield>
   <datafield tag="653" ind2=" " ind1=" ">
      <subfield code="a">Trails</subfield>
   </datafield>
   <datafield tag="653" ind2=" " ind1=" ">
      <subfield code="a">Hiking</subfield>
   </datafield>
   <datafield tag="653" ind2=" " ind1=" ">
      <subfield code="a">Espai públic</subfield>
   </datafield>
   <datafield tag="653" ind2=" " ind1=" ">
      <subfield code="a">Castellbell i el Vilar</subfield>
   </datafield>
   <datafield tag="653" ind2=" " ind1=" ">
      <subfield code="a">Camí del Llobregat</subfield>
   </datafield>
   <datafield tag="653" ind2=" " ind1=" ">
      <subfield code="a">rehabilitació</subfield>
   </datafield>
   <datafield tag="653" ind2=" " ind1=" ">
      <subfield code="a">paisatge</subfield>
   </datafield>
   <datafield tag="653" ind2=" " ind1=" ">
      <subfield code="a">estructures lleugeres</subfield>
   </datafield>
   <datafield tag="653" ind2=" " ind1=" ">
      <subfield code="a">Arquitectura del paisatge</subfield>
   </datafield>
   <datafield tag="653" ind2=" " ind1=" ">
      <subfield code="a">Camins</subfield>
   </datafield>
   <datafield tag="653" ind2=" " ind1=" ">
      <subfield code="a">Excursionisme</subfield>
   </datafield>
   <datafield ind2="0" ind1="0" tag="245">
      <subfield code="a">Espai públic a la Riera del Marganell : noves transversalitats al Camí del Llobregat al seu pas pel municipi de Castellbell i el Vilar</subfield>
   </datafield>
</record></metadata></record></GetRecord></OAI-PMH>